<?xml version="1.0" encoding="UTF-8"?>
<record
    xmlns:xsi="http://www.w3.org/2001/XMLSchema-instance"
    xsi:schemaLocation="http://www.loc.gov/MARC21/slim http://www.loc.gov/standards/marcxml/schema/MARC21slim.xsd"
    xmlns="http://www.loc.gov/MARC21/slim">

  <leader>00620nam a2200205Ia 4500</leader>
  <controlfield tag="003">IN-BaIIA</controlfield>
  <controlfield tag="008">211028s9999    xx            000 0 eng d</controlfield>
  <datafield tag="020" ind1=" " ind2=" ">
    <subfield code="a">978-0-470-69956-0</subfield>
  </datafield>
  <datafield tag="040" ind1=" " ind2=" ">
    <subfield code="c">IIA Library</subfield>
  </datafield>
  <datafield tag="080" ind1=" " ind2=" ">
    <subfield code="a">524.3</subfield>
    <subfield code="b">LEB</subfield>
  </datafield>
  <datafield tag="100" ind1=" " ind2=" ">
    <subfield code="a">LeBlanc, Francis</subfield>
    <subfield code="9">34205</subfield>
  </datafield>
  <datafield tag="245" ind1=" " ind2="3">
    <subfield code="a">An introduction to stellar astrophysics</subfield>
    <subfield code="c">Francis LeBlanc                                            </subfield>
  </datafield>
  <datafield tag="260" ind1=" " ind2=" ">
    <subfield code="a">the Atrium</subfield>
    <subfield code="b">John Wiley &amp; Sons</subfield>
    <subfield code="c">2010</subfield>
  </datafield>
  <datafield tag="300" ind1=" " ind2=" ">
    <subfield code="a">xii, 338p.</subfield>
  </datafield>
  <datafield tag="650" ind1=" " ind2=" ">
    <subfield code="a">Stellar Atmospheres</subfield>
    <subfield code="9">1135</subfield>
  </datafield>
  <datafield tag="650" ind1=" " ind2=" ">
    <subfield code="a">Stellar evolution</subfield>
  </datafield>
  <datafield tag="650" ind1=" " ind2=" ">
    <subfield code="a">Stellar interiors</subfield>
    <subfield code="9">1247</subfield>
  </datafield>
  <datafield tag="650" ind1=" " ind2=" ">
    <subfield code="a">the Star</subfield>
    <subfield code="9">9677</subfield>
  </datafield>
  <datafield tag="942" ind1=" " ind2=" ">
    <subfield code="c">BK</subfield>
  </datafield>
  <datafield tag="999" ind1=" " ind2=" ">
    <subfield code="c">17969</subfield>
    <subfield code="d">17969</subfield>
  </datafield>
  <datafield tag="952" ind1=" " ind2=" ">
    <subfield code="0">0</subfield>
    <subfield code="1">0</subfield>
    <subfield code="4">0</subfield>
    <subfield code="7">0</subfield>
    <subfield code="a">BAN</subfield>
    <subfield code="b">BAN</subfield>
    <subfield code="c">GEN</subfield>
    <subfield code="d">2011-02-05</subfield>
    <subfield code="e">ANJ   </subfield>
    <subfield code="g">10577.00</subfield>
    <subfield code="l">2</subfield>
    <subfield code="o">524.3/ LEB</subfield>
    <subfield code="p">18891</subfield>
    <subfield code="r">2026-04-01</subfield>
    <subfield code="s">2026-03-10</subfield>
    <subfield code="v">10577.00</subfield>
    <subfield code="w">2011-02-05</subfield>
    <subfield code="y">BK</subfield>
    <subfield code="G">Rs. 10577.00  </subfield>
  </datafield>
</record>
